000 00592nam a2200241 a 4500
001 nice12345678
003 IN_TiNIC
005 20260116011929.0
008 050524s1974 hyda grp 000 0 urd
020 _a
_c10.5
082 0 0 _a305.235
_bFAR
100 _aFarooqi, Rafiuddin
245 _aSchool Se Rozgaar Tak.
260 _aHyderabad
_bLucky Fine Arts Printing Press
_c1974
300 _a224p
500 _aincludes index and biblioraphy
505 2 _aappendix
650 _aMuslim-Youth
700 1 _aFarooqi, Rafiuddin
902 _bSRS
942 _cBK
999 _c4941
_d4941